000 00406nam a2200133Ia 4500
008 171212s9999 xx 000 0 und d
020 _a9780874214451
100 _aShearin, Faith
245 _cShearin, Faith
_aOwl Question
_bPoems
260 _bUniversity Press of Colorado
_c2002
440 _aSwenson Poetry Award
650 _aLanguage & Literature
856 _uwww.jstor.org/stable/10.2307/j.ctt46nwk9
999 _c353142
_d353142